|
|
|
|
| LEADER |
00000nas1a2200000 4500 |
| 001 |
122692 |
| 005 |
20231031130131.0 |
| 011 |
|
|
|a 0203-3771
|
| 035 |
|
|
|a (RuTPU)RU\TPU\book\132827
|
| 090 |
|
|
|a 122692
|
| 100 |
|
|
|a 20071006b19821991k y0rusy50 ca
|
| 101 |
0 |
|
|a rus
|
| 102 |
|
|
|a UA
|
| 110 |
|
|
|a zyuzz 0uu0
|
| 200 |
1 |
|
|a Механика гироскопических систем
|e республиканский межведомственный научно-технический сборник
|f Киевский политехнический институт (КПИ)
|
| 210 |
|
|
|a Киев
|c Вища школа
|d 1982-1991
|
| 712 |
0 |
2 |
|a Киевский политехнический институт (КПИ)
|2 stltpush
|3 (RuTPU)RU\TPU\col\310
|
| 801 |
|
1 |
|a RU
|b 63413507
|c 20071006
|g PSBO
|
| 801 |
|
2 |
|a RU
|b 63413507
|c 20231010
|g PSBO
|
| 942 |
|
|
|c CR
|